| 000 | 00364nam a2200157Ia 4500 | ||
|---|---|---|---|
| 008 | 210210b1954 xxu||||| |||| 00| 0 eng d | ||
| 041 | _aeng | ||
| 082 | _a825/10 | ||
| 100 | _aALLEN (Don Cameron) | ||
| 245 | _aHarmonious vision | ||
| 260 |
_aBaltimore _b- _c1954 |
||
| 650 | _avision | ||
| 650 | _aHarmonious | ||
| 690 | _aEnglish Criticism | ||
| 906 | _a014328 | ||
| 999 |
_c133487 _d133487 |
||